| 000 | 00423nam a2200157 a 4500 | ||
|---|---|---|---|
| 005 | 20140310183204.0 | ||
| 008 | 030124s19uu xx 00 eng d | ||
| 050 |
_aPZ 7 _b.C579 1982 |
||
| 100 | _aClearly, Beverly | ||
| 245 |
_aSister of the bride / _cBeverly Clearly. |
||
| 260 |
_aNew York ; _bDell Publishing Co. Inc, _c1982. |
||
| 300 |
_a219 p. : _c17 cm. |
||
| 650 | _aFiction | ||
| 942 |
_cBK _2lcc |
||
| 999 |
_c19945 _d19945 |
||